| 000 | 00492nam a2200169 4500 | ||
|---|---|---|---|
| 001 | 112966 | ||
| 003 | ES-MaACL | ||
| 005 | 20230906185719.0 | ||
| 007 | t| | ||
| 008 | 061121s1977 sp r ||||1| spa d | ||
| 245 | 0 | 4 |
_aLas nuevas vías al socialismo / _cestudio introductorio y selección de textos, Máximo Loizu. |
| 250 | _a1ª ed. | ||
| 260 |
_aBarcelona : _bAvance, _c1977. |
||
| 300 |
_a237 p. ; _c20 cm. |
||
| 700 | 1 |
_aLoizu, Máximo. _973149 |
|
| 852 |
_aES-MaACL _jA-7183 _bR.96146 |
||
| 999 |
_c112966 _d112966 |
||